000 00755nam a22002177a 4500
999 _c61751
_d61751
005 20240426170648.0
008 240426s2007 enk||||| |||| 00| 0 eng d
020 _a9780702027468x
041 _aeng
080 _a618.3-089 B-29
100 _aBaskett, Thomas F.
_921964
245 _aMunro Kerr's Operative Obstetrics /
_cThomas F. Baskett, Andrew A. Calder, Sabaratnam Arulkumaran.
250 _a11th Edition
264 _aEdinburgh :
_bSaunders,
_c2007.
300 _a342 p.:
_bill. ;
_c25 cm.
653 _aოპერატიული მეანობა
653 _aმედიცინა
700 _aCalder, Andrew A.
_eავტორი
_921965
700 _aArulkumaran, Sabaratnam
_eავტორი
_921966
942 _2udc
_cBK